| 000 | 00568nam a2200193 u 4500 | ||
|---|---|---|---|
| 005 | 20240522063722.0 | ||
| 008 | 100215s2004 pe r 000 0 spa d | ||
| 020 | _a9972244474 | ||
| 035 | _aUPN01000174737 | ||
| 049 | _aI | ||
| 050 | 4 |
_aPZ78 _bB5.6 |
|
| 100 | 1 |
_aBlanco, Luchy, _d1928- _930156 |
|
| 245 | 1 | 3 |
_aEl pequeño fugitivo y otros cuentos de Navidad / _cLuchy Blanco ; il. Carmen García. |
| 260 |
_aLima : _bNorma, _b2006. |
||
| 300 |
_a72 p. : _bil. |
||
| 440 | 0 |
_aTorre de papel. _pAzul |
|
| 650 | 2 |
_aCuentos infantiles peruanos _915447 |
|
| 905 | _aLibro | ||
| 999 |
_c146841 _d146841 |
||